000 00445cam a22001097a 4500
008 180718b1983 xxu||||| |||| 00| 0 eng d
082 _aV43x5444 K147
245 _aEvalution of the national rural water supply programme
_cby Planning Department, Karnataka Government Seretariat, Karnataka
260 _aBangalore
_bKarnataka Government Seretariat
_c1983
300 _a82+p.
700 _aKarnataka. Karnataka Government Seretariat. Planning Department
999 _c498442
_d498442